Investments : (Record no. 95797)

MARC details
000 -LEADER
fixed length control field 00954nam a22002537a 4500
005 - DATE AND TIME OF LATEST TRANSACTION
control field 20160614112953.0
010 ## - LCCN (DPL NO)
LC control number 1516EN07 B-599166-179 ENG-115284
020 ## - INTERNATIONAL STANDARD BOOK NUMBER
International Standard Book Number 9788126556168
Terms of availability 649.00
035 ## - SYSTEM CONTROL NUMBER
System control number B-599166-179
035 ## - SYSTEM CONTROL NUMBER
System control number EN-98816
037 ## - SOURCE OF ACQUISITION
Source of stock number/acquisition Asian Book Center/Ven
Stock number dpl
037 ## - SOURCE OF ACQUISITION
Source of stock number/acquisition DBAD/PUB
082 ## - DEWEY DECIMAL CLASSIFICATION NUMBER
Classification number 332.6
245 00 - TITLE STATEMENT
Title Investments :
Statement of responsibility, etc by Michael G. McMillan...[et al]
Remainder of title principles of portfolio and equity analysis /
260 ## - PUBLICATION, DISTRIBUTION, ETC. (IMPRINT)
Place of publication, distribution, etc New Delhi
Name of publisher, distributor, etc Wiley India
Date of publication, distribution, etc 2015
270 ## - ADDRESS
Address 4435-36/7,Ansari Road, Darya Ganj,
City New Delhi
Postal code 110002
300 ## - PHYSICAL DESCRIPTION
Extent xxi 620p. :
Dimensions 25cm(pbk)
Other physical details ill.
490 ## - SERIES STATEMENT
Series statement CFA institute investment series
500 ## - GENERAL NOTE
General note Includes bibliographical references and index
650 ## - SUBJECT ADDED ENTRY--TOPICAL TERM
Topical term or geographic name as entry element Portfolio management.
650 ## - SUBJECT ADDED ENTRY--TOPICAL TERM
Topical term or geographic name as entry element Investment analysis.
942 ## - ADDED ENTRY ELEMENTS (KOHA)
Source of classification or shelving scheme Dewey Decimal Classification
Item type English Books
Classification part 332.6
Call number suffix INV
Holdings
Withdrawn status Lost status Not for loan Collection code Home library Current library Date acquired Source of acquisition Cost, normal purchase price Full call number Barcode Copy number Cost, replacement price Koha item type
      Non-fiction Bawana Bawana 15/12/2015 ABC/IN4654/23.09.2015/111/16.09.2015/30.09.2015 649.00 332.6 14 B-599176 1 649.00 English Books
      Non-fiction Bawana Bawana 15/12/2015 ABC/IN4654/23.09.2015/111/16.09.2015/30.09.2015 649.00 332.6 14 B-599178 1 649.00 English Books
    Not For Loan Non-fiction D.B.Act.Division Bawana 14/06/2016 DBAD/PUB 649.00 332.6 INV EN-98816 1 649.00 English Books
      Non-fiction Central Library Central Library 15/12/2015 ABC/IN4654/23.09.2015/111/16.09.2015/30.09.2015 649.00 332.6 14 B-599166 1 649.00 English Books
    Not For Loan Reference Central Library Central Library 15/12/2015 ABC/IN4654/23.09.2015/111/16.09.2015/30.09.2015 649.00 332.6 14 B-599167 1 649.00 English Books
      Non-fiction Janak Puri Janak Puri 15/12/2015 ABC/IN4654/23.09.2015/111/16.09.2015/30.09.2015 649.00 332.6 14 B-599172 1 649.00 English Books
      Non-fiction Kasturba Gandhi Marg Kasturba Gandhi Marg 15/12/2015 ABC/IN4654/23.09.2015/111/16.09.2015/30.09.2015 649.00 332.6 14 B-599170 1 649.00 English Books
      Non-fiction Narela Narela 15/12/2015 ABC/IN4654/23.09.2015/111/16.09.2015/30.09.2015 649.00 332.6 14 B-599177 1 649.00 English Books
      Non-fiction New Police Line New Police Line 15/12/2015 ABC/IN4654/23.09.2015/111/16.09.2015/30.09.2015 649.00 332.6 14 B-599168 1 649.00 English Books
  Written-off vide DLB M. No. 383 dt 16.05.19   Non-fiction Patel Nagar Patel Nagar 15/12/2015 ABC/IN4654/23.09.2015/111/16.09.2015/30.09.2015 649.00 332.6 14 B-599169 1 649.00 English Books
      Non-fiction Peshwa Road Peshwa Road 15/12/2015 ABC/IN4654/23.09.2015/111/16.09.2015/30.09.2015 649.00 332.6 14 B-599171 1 649.00 English Books
      Non-fiction R.K.Puram-8 R.K.Puram-8 15/12/2015 ABC/IN4654/23.09.2015/111/16.09.2015/30.09.2015 649.00 332.6 14 B-599174 1 649.00 English Books
      Non-fiction Sarojini Nagar Sarojini Nagar 15/12/2015 ABC/IN4654/23.09.2015/111/16.09.2015/30.09.2015 649.00 332.6 14 B-599173 1 649.00 English Books
      Non-fiction Sarojini Nagar Sarojini Nagar 15/12/2015 ABC/IN4654/23.09.2015/111/16.09.2015/30.09.2015 649.00 332.6 14 B-599175 1 649.00 English Books
      Non-fiction Shahdara Branch Shahdara Branch 15/12/2015 ABC/IN4654/23.09.2015/111/16.09.2015/30.09.2015 649.00 332.6 14 B-599179 1 649.00 English Books

© Delhi Public Library
Hit Counter
free hit counter